000
00239nam a2200097Ia 4500
008
240625s9999 xx 000 0 und d
041
_a
eng
082
_a
808.20 HEN
100
_a
HENDRICKSON
245
_a
GUIDE TO THE ESSENTIALS WORLD RELIGIONS
999
_c
35203
_d
35203